000 00441nam a2200205Ia 4500
001 13043
003 GE_BSU
008 181216s||||||||xx |||||||||||||| ||und||
020 _a9780099499824
040 _cGE_BSU
080 _a821.111-3
100 _aMontanari,Richard.
245 _aBroken Angels.
260 _aLondon.
260 _bArrow Books.
260 _c2007
300 _a520p;18cm.
653 _aBroken Angels.
942 _cBK
999 _c46210
_d46210